000 00588nam a22001937a 4500
005 20251108164816.0
008 250721s1992 xx 000 0 ara d
082 1 4 _aم/616.13203/هير
100 1 _aجوردن، هيرد
_eترجمة
245 1 0 _aالمعجم السريري لإرتفاع التوتر الشرياني /
264 1 _aدمشق :
_bدار المعاجم،
_c1992.
300 _a378ص
650 1 7 _aأمراض القلب
650 1 7 _aضغط الدم
650 1 7 _aفرط ضغط الدم
650 1 7 _aأمراض الدم
942 _2ddc
_cREF
999 _c14882
_d14882